| 000 | 00481nam a2200193Ia 4500 | ||
|---|---|---|---|
| 005 | 20140402135323.0 | ||
| 008 | 140130s9999 xx 000 0 und d | ||
| 020 | _a0345339738 | ||
| 050 |
_aPN 1997.2 _b.T649 1994 |
||
| 100 |
_aTolkien, J.R.R. _93573 |
||
| 245 |
_cTolkien, J.R.R. _aReturn of the king / |
||
| 260 |
_bScholastic, _c1994. _aUSA : |
||
| 300 |
_a490 p. : _c20 cm. |
||
| 440 |
_v1 _931174 |
||
| 521 | _aG8 | ||
| 526 | _c920 | ||
| 942 |
_cBK _2lcc |
||
| 999 |
_c41281 _d41281 |
||